Socio-economic Exclusion: (Record no. 38519)
[ view plain ]
| 000 -LEADER | |
|---|---|
| fixed length control field | 00725nam a2200169 4500 |
| 041 ## - LANGUAGE CODE | |
| Language code of text/sound track or separate title | English |
| 082 ## - DEWEY DECIMAL CLASSIFICATION NUMBER | |
| Classification number | RS.0968 |
| 100 ## - MAIN ENTRY--AUTHOR NAME | |
| Personal name | Sunitha, A.S. |
| Affiliation | Centre for the Study of Social Exclusion and Inclusive Policy |
| Place | Kochi, Kerala |
| 245 ## - TITLE STATEMENT | |
| Title | Socio-economic Exclusion: |
| Sub Title | an investigation into the Intra-community vicissitudes among the tribes of Kerala based on Social Progress Index/ |
| Statement of responsibility, etc | A.S. Sunitha |
| 260 ## - PUBLICATION, DISTRIBUTION, ETC. (IMPRINT) | |
| Place of publication | Kochi, Kerala: |
| Name of publisher/Sponsor | Indian Council of Social Science Research, |
| Year of publication | 2017 |
| 300 ## - PHYSICAL DESCRIPTION | |
| Number of Pages | xv, 151p. |
| 500 ## - GENERAL NOTE | |
| General note | Included References |
| 536 ## - FUNDING INFORMATION NOTE | |
| Funding Agency | Indian Council of Social Science Research |
| 650 ## - SUBJECT ADDED ENTRY--TOPICAL TERM | |
| Topical Term | Socio-economic Exclusion |
| 650 ## - SUBJECT ADDED ENTRY--TOPICAL TERM | |
| Topical Term | Intra-Community |
| -- | Tribes |
| Form subdivision | Tribal government |
| General subdivision | Families |
| Geographic subdivision | Kerala |
| 942 ## - ADDED ENTRY ELEMENTS (KOHA) | |
| Source of classification or shelving scheme | Dewey Decimal Classification |
| Koha item type | Research Reports |
| Withdrawn status | Lost status | Damaged status | Not for loan | Collection code | Home library | Current library | Date acquired | Source of acquisition | Full call number | Accession Number | Price effective from | Koha item type |
|---|---|---|---|---|---|---|---|---|---|---|---|---|
| Not For Loan | Major Research Project Reports | NASSDOC Library | NASSDOC Library | 27/06/2023 | Research Report Division | RS.0968 | 53749 | 27/06/2023 | Research Reports |
